| 000 | 00494cam a2200145 4500500 | ||
|---|---|---|---|
| 005 | 20260208002334.0 | ||
| 041 | _afre | ||
| 042 | _adc | ||
| 100 | 1 | 0 |
_aHeinich, Nathalie _eauthor |
| 245 | 0 | 0 | _aPierre Bourdieu, Esquisse pour une auto-analyse Paris, Raisons d’agir, 2004, 142 p. |
| 260 | _c2005. | ||
| 500 | _a41 | ||
| 786 | 0 | _nL'Homme | 173 | 1 | 2005-01-01 | p. 199g-283g | 0439-4216 | |
| 856 | 4 | 1 | _uhttps://shs.cairn.info/revue-l-homme-2005-1-page-199g?lang=fr&redirect-ssocas=7080 |
| 999 |
_c1645919 _d1645919 |
||